Posúdenie možností externého financovania európskych malých a stredných podnikov a dosahy na harmonizáciu ich účtovných výkazov dizertačná práca

Salvato in:
Dettagli Bibliografici
Autore principale: Nagy, Ladislav
Ente Autore: Ekonomická univerzita v Bratislave. Fakulta podnikového manažmentu
Altri autori: Fetisovová, Elena
Natura: Libro
Lingua:slovacco
Pubblicazione: Bratislava 2007
Soggetti:
Tags: Aggiungi Tag
Nessun Tag, puoi essere il primo ad aggiungerne!!

MARC

LEADER 00000nam$a2200000$$$4500
001 0090494
005 20230227084235.0
041 0 |a slo 
044 |a SK 
245 1 0 |a Posúdenie možností externého financovania európskych malých a stredných podnikov a dosahy na harmonizáciu ich účtovných výkazov  |b dizertačná práca  |c Ladislav Nagy ; škol. Elena Fetisovová 
264 1 |a Bratislava  |c 2007 
300 |a 160 s. 
610 2 0 |a podnik malý 
610 2 0 |a podnik stredný 
610 2 0 |a financovanie podnikov 
610 2 0 |a výkazy účtovné 
610 2 0 |a harmonizácia 
610 2 0 |a Európa 
100 1 |a Nagy, Ladislav 
700 1 |a Fetisovová, Elena 
710 2 |a Ekonomická univerzita v Bratislave. Fakulta podnikového manažmentu